000 01773cam a2200433 i 4500
999 _c5107
_d5107
001 19130095
003 OSt
005 20250618103147.0
008 160610s2016 nyua c 000 1 eng
010 _a 2016007817
020 _a9780385392501 (pbk.)
040 _aDLC
_beng
_erda
_cDLC
_dDLC
_dKH8
042 _alcac
_apcc
082 _aFIC COV
100 1 _aCoville, Bruce,
_eauthor.
245 1 0 _aCursed /
_cBruce Coville ; illustrations by Paul Kidby.
250 _aFirst Yearling edition.
264 1 _aNew York :
_bYearling, an imprint of Random House Children's Books, a division of Penguin Random House LLC,
_c2016.
300 _a241 pages :
_billustrations ;
_c20 cm.
336 _atext
_btxt
_2rdacontent
337 _aunmediated
_bn
_2rdamedia
338 _avolume
_bnc
_2rdacarrier
490 0 _aThe Enchanted Files ;
_v[1]
500 _a"A Yearling book."
500 _a"Originally published in hardcover in the United States as Diary of a Mad Brownie by Random House Children's Books, New York, in 2015"--Title page verso.
520 _a"Angus Cairns is a brownie, a magical creature with a fastidious nature. Alex Carhart is the messiest eleven-year-old in the United States of America. Together, this unlikely pair embarks on an unforgettable adventure"--
_cProvided by publisher.
521 1 _aAges 8-12.
650 1 _aImaginary creatures
_vFiction.
650 1 _aBlessing and cursing
_vFiction.
650 1 _aOrderliness
_vFiction.
650 1 _aMagic
_vFiction.
650 1 _aAdventure and adventurers
_vFiction.
650 1 _aFamily life
_vFiction.
650 1 _aDiaries
_vFiction.
650 1 _aHumorous stories.
650 7 _aJUVENILE FICTION / Humorous Stories.
_2bisacsh
700 1 _aKidby, Paul,
_eillustrator.
942 _2ddc
_cFIC